Homonym Slideshow IV Quiz Stats

 Plays Quiz Updated May 24, 2015

Challenge
Share
Tweet
Score 0/20 Timer 05:00
4 Plays Today
% Correct
kiwi
99%
ball
97.1%
fence
97.1%
dice
96.9%
boxer
96.4%
pawn
95.1%
worm
94.9%
mug
94.1%
block
93%
pick
91.5%
% Correct
change
91.1%
litter
90.5%
coat
86.7%
batter
86.6%
prune
82.6%
screen
82.5%
break
81.9%
bust
81.3%
grand
77.3%
stalk
73.1%

You're not logged in!

Compare scores with friends on all Sporcle quizzes.
Join for Free
OR
Log In

You Might Also Like...

Show Comments

Extras

Top Quizzes Today


Score Distribution

Your Account Isn't Verified!

In order to create a playlist on Sporcle, you need to verify the email address you used during registration. Go to your Sporcle Settings to finish the process.

Report this User

Report this user for behavior that violates our Community Guidelines.

Details: